Gaming Quiz

Random Gaming Quiz

Diablo 2 Assassin Tech Tree Quiz Stats

Quiz not verified by Sporcle

Challenge
Share
Tweet
Embed
Score 0/30 Timer 10:00
0 Plays Today
Skill Tab Skill % Correct
Shadow DisciplinesShadow Master
75.5%
Martial ArtsTiger Strike
67.9%
Martial ArtsPhoenix Strike
64.2%
Shadow DisciplinesBurst of Speed
58.5%
Martial ArtsDragon Flight
56.6%
Shadow DisciplinesClaw Mastery
54.7%
Martial ArtsDragon Tail
54.7%
Shadow DisciplinesVenom
54.7%
TrapsLightning Sentry
54.7%
Shadow DisciplinesFade
50.9%
Shadow DisciplinesShadow Warrior
49.1%
TrapsDeath Sentry
49.1%
Martial ArtsCobra Strike
47.2%
TrapsWake of Fire
45.3%
Martial ArtsDragon Claw
43.4%
Skill Tab Skill % Correct
Shadow DisciplinesPsychic Hammer
43.4%
Martial ArtsDragon Talon
39.6%
Martial ArtsFists of Fire
39.6%
Shadow DisciplinesMind Blast
39.6%
TrapsCharged Bolt Sentry
39.6%
Shadow DisciplinesCloak of Shadows
37.7%
TrapsWake of Inferno
35.8%
TrapsShock Web
34%
TrapsBlade Shield
34%
TrapsFire Blast
32.1%
Martial ArtsBlades of Ice
30.2%
Martial ArtsClaws of Thunder
26.4%
Shadow DisciplinesWeapon Block
24.5%
TrapsBlade Sentinel
20.8%
TrapsBlade Fury
17%

You're not logged in!

Compare scores with friends on all Sporcle quizzes.
Sign Up with Email
OR
Log In

You Might Also Like...

Show Comments

Extras

Top Quizzes Today


Score Distribution

Your Account Isn't Verified!

In order to create a playlist on Sporcle, you need to verify the email address you used during registration. Go to your Sporcle Settings to finish the process.